|
|
|
|
| LEADER |
01391nam a2200313 i 4500 |
| 001 |
10094962 |
| 003 |
GR-PaULI |
| 005 |
20250328063541.0 |
| 008 |
210608s2013 uk g b 1 eng d |
| 952 |
|
|
|0 0
|1 0
|2 ddc
|4 0
|6 880_110000000000000_ΚΕΝ
|7 0
|9 325720
|a THST
|b THST
|d 2021-06-08
|i 015665
|l 0
|o 880.11 ΚΕΝ
|p 025000275024
|r 2021-06-08 00:00:00
|t 1
|w 2021-06-08
|y BK15
|
| 999 |
|
|
|c 182891
|d 182891
|
| 020 |
|
|
|a 9780199608362
|
| 040 |
|
|
|a GR-PaULI
|c GR-PaULI
|b gre
|e AACR2
|
| 041 |
0 |
|
|a eng
|
| 082 |
0 |
4 |
|a 880.11
|2 23
|
| 100 |
1 |
|
|a Αριστοτέλης,
|d 384 π.Χ.-322 π.Χ.
|e συγγραφέας
|9 10130
|
| 245 |
1 |
0 |
|a Aristotle's poetics /
|c translated with an introduction and notes by Anthony Kenny.
|
| 246 |
1 |
3 |
|a Περί ποιητικής
|
| 260 |
|
|
|a Oxford :
|b Oxford University Press,
|c 2013.
|
| 300 |
|
|
|a xlv, 103 σ. ;
|c 20 εκ.
|
| 490 |
1 |
|
|a Oxford world's classics
|
| 504 |
|
|
|a Περιλαμβάνει βιβλιογραφία και ευρετήριο.
|
| 600 |
0 |
4 |
|a Αριστοτέλης
|d 384-322
|x Ερμηνεία και κριτική
|9 76909
|
| 600 |
0 |
4 |
|a Αριστοτέλης
|d 384-322
|9 159033
|t Ποιητική
|
| 650 |
|
4 |
|9 77631
|a Ποίηση
|x Πρώιμα έργα μέχρι το 1800
|
| 650 |
|
4 |
|9 77629
|a Αισθητική
|x Πρώιμα έργα μέχρι το 1800
|
| 830 |
|
0 |
|a Oxford world's classics
|9 158643
|
| 942 |
|
|
|2 ddc
|c BK15
|
| 998 |
|
|
|c ΜΑΝΙΑ
|d 2021-06
|